Σπιναλόγκα : δράμα σε τρείς πράξεις
Αποθηκεύτηκε σε:
| Κύριος συγγραφέας: | |
|---|---|
| Μορφή: | Βιβλίο |
| Γλώσσα: | Greek |
| Δημοσίευση: |
[Χ.τ.] :
Εκδόσεις Γκοβόστη,
[1940].
|
| Σειρά: | Θεατρική βιβλιοθήκη Γκοβόστη
|
| Θέματα: | |
| Ετικέτες: |
Προσθήκη ετικέτας
Δεν υπάρχουν, Καταχωρήστε ετικέτα πρώτοι!
|
MARC
| LEADER | 00000cam a2200000 a 4500 | ||
|---|---|---|---|
| 001 | 1/115076 | ||
| 008 | 170928s1940####gr | ||| |||| ||gre|| | ||
| 040 | |a GR-MyUa |b gre |c GR-MyUa |e AACR2 | ||
| 041 | 0 | |a gre | |
| 082 | 7 | |a 889.2 |2 (23) | |
| 100 | 1 | |a Χατζιδάκης, Άρης. | |
| 245 | 1 | 0 | |a Σπιναλόγκα : |b δράμα σε τρείς πράξεις / |c Άρης Χατζιδάκης. |
| 260 | |a [Χ.τ.] : |b Εκδόσεις Γκοβόστη, |c [1940]. | ||
| 300 | |a 71 σ. ; |c 19 εκ. | ||
| 490 | 1 | |a (Θεατρική βιβλιοθήκη Γκοβόστη) | |
| 650 | 0 | |a Greek drama, Modern |y 20th century. | |
| 830 | 0 | |a Θεατρική βιβλιοθήκη Γκοβόστη | |
| 852 | |a INST |b SAMOS |e 20170928 |h 889.2 ΧΑΤ |p 005300044787 |q 005300044787 |t BK |y 23 | ||
| 970 | |a Φιλιππή |b Φάλη |z 28-09-2017 | ||